მასალები საქართველოს შინამრეწველობისა და წვრილი ხელოსნობის ისტორიისათვის. (ბიბ.ჩანაწერი № 38353)
[ მარტივი ფორმატი ]
| 000 -LEADER | |
|---|---|
| fixed length control field | 01097nam a2200217Ia 4500 |
| 001 - CONTROL NUMBER | |
| control field | 4363 |
| 003 - CONTROL NUMBER IDENTIFIER | |
| control field | GE_BSU |
| 008 - FIXED-LENGTH DATA ELEMENTS--GENERAL INFORMATION | |
| fixed length control field | 181216s||||||||xx |||||||||||||| ||und|| |
| 040 ## - CATALOGING SOURCE | |
| Transcribing agency | GE_BSU |
| 080 ## - UNIVERSAL DECIMAL CLASSIFICATION NUMBER | |
| Universal Decimal Classification number | 39(479.22)+689(479.22) |
| 245 ## - TITLE STATEMENT | |
| Title | მასალები საქართველოს შინამრეწველობისა და წვრილი ხელოსნობის ისტორიისათვის. |
| 245 ## - TITLE STATEMENT | |
| Remainder of title | ივ. ჯავახიშვილის საერთო რედაქციით 5 ტომად. ტ. II. ქსოვა. ღებვა. ქარგვა. |
| 260 ## - PUBLICATION, DISTRIBUTION, ETC. | |
| Place of publication, distribution, etc. | თბილისი |
| 260 ## - PUBLICATION, DISTRIBUTION, ETC. | |
| Name of publisher, distributor, etc. | მეცნიერება |
| 260 ## - PUBLICATION, DISTRIBUTION, ETC. | |
| Date of publication, distribution, etc. | 1982 |
| 300 ## - PHYSICAL DESCRIPTION | |
| Extent | 317 გვ. 26 სმ. |
| 653 ## - INDEX TERM--UNCONTROLLED | |
| Uncontrolled term | მასალები საქართველოს შინამრეწველობისა და წვრილი ხელოსნობის ისტორიისათვის. |
| 653 ## - INDEX TERM--UNCONTROLLED | |
| Uncontrolled term | ქსოვა. ღებვა. ქარგვა. |
| 942 ## - ADDED ENTRY ELEMENTS (KOHA) | |
| Koha item type | წიგნი |
არაა ხელმისაწვდომი ეგზემპლარები.
